| 000 | 01387cam a22003135a 4500 | ||
|---|---|---|---|
| 001 | L154757 | ||
| 008 | 120117s2009 xxk 000 0 eng u | ||
| 022 | _a0307-4870 | ||
| 035 | _a(Sirsi) u154757 | ||
| 041 | _aeng | ||
| 050 | _a711.1 $2 18 | ||
| 110 |
_aJournal of Planning and Environment Law _92913 |
||
| 245 | 0 | 4 | _aThe show must go on |
| 260 |
_aLondon _bSweet & Maxwell _c2009 |
||
| 300 |
_a93p. _c25cm. |
||
| 490 | _aJournal of Planning and Environment Law Occasional Paper | ||
| 505 | _aRaynsford, Nick - Foreword | ||
| 505 | _aQuartermain, Steve - Regional spatial planning: don't stop me now | ||
| 505 | _aMcCracken, Robert - Infrastructure Planning Commission: challenge or opportunity? | ||
| 505 | _aGrossman, Dr Andy - Mediation in planning: from talking the talk to walking the walk | ||
| 505 | _aEllis, Morag - Legal update | ||
| 505 | _aRobinson, Patrick - Energy planning in 2009 | ||
| 505 | _aPritchard, Bob - Making the right decision: current issues for local planning authorities | ||
| 520 | _aPapers from a conference held at New College, Oxford, September 2009, organised by the General Council of the Bar, the Law Society, the Royal Town Planning Institute and the Royal Institution of Chartered Surveyors. | ||
| 651 | 4 |
_aEngland and Wales _y1543- |
|
| 690 |
_aEnvironment _96238 |
||
| 690 |
_aPlanning and development _96259 |
||
| 942 | _n0 | ||
| 999 |
_c113133 _d113133 |
||